00874nam a2200265u 450000100090000000300040000900500170001300800410003001000170007104000190008805000210010708200230012824500440015126000570019530000260025252100210027852600160029954100060031556200560032165000360037790600450041394200150045899900170047395201180049010297722OSt20140310182722.0810604s1960 nyua 000 0 eng  a 60001432  aDLCcCarPdDLC00aZ 49b.B658 1960 aM 652.3 bB62 196004aThe blue book of typing for beginners.  aNew York,bRegents Publishing Company, Inc.,cc1960. a51 p.bill. ;c25 cm. aCollege Students c1210L-1700L j1 eFor circulation. 1 copy available in the collection 0aTypewriting. [from old catalog] a0bcbccpremunvduencipf19gy-gencatlg 2lcccBKkM c15360d15360 00102lcc40aAbAcNULLd2013-06-07eDONATIONl0oZ 49 .B658 1960pC0902r2018-05-15 00:00:00t1w2013-11-14yBK